Špecifiká tvorby cien zemného plynu a ropy a ich dôsledky na národnú ekonomiku

Ropa ako cenový benchmark pre iné komodity. Základné princípy cenovej tvorby zemného plynu. Systém obchodovania so zemným plynom v EÚ. Špecifiká tvorby cien v Európe. Cena plynu prepravných uzloch.

Saved in:
Bibliographic Details
Main Author: Pásztorová, Jana, 1960-
Other Authors: Ružeková, Viera, 1957-
Format: Book Chapter
Language:Slovak
Subjects:
Tags: Add Tag
No Tags, Be the first to tag this record!

MARC

LEADER 00000naa a2200000 4500
001 0120945
005 20240502072354.7
041 0 |a slo 
044 |a SK 
245 1 0 |a Špecifiká tvorby cien zemného plynu a ropy a ich dôsledky na národnú ekonomiku  |c Jana Pásztorová, Viera Ružeková 
520 |a Ropa ako cenový benchmark pre iné komodity. Základné princípy cenovej tvorby zemného plynu. Systém obchodovania so zemným plynom v EÚ. Špecifiká tvorby cien v Európe. Cena plynu prepravných uzloch. 
610 2 0 |a benchmarking 
610 2 0 |a plyn zemný 
610 2 0 |a obchod zahraničný 
610 2 0 |a ceny 
610 2 0 |a Európska únia 
100 1 |a Pásztorová, Jana, 1960- 
700 1 |a Ružeková, Viera, 1957-